[Event "Barcelona Tres Peons op"]
[Site "Barcelona"]
[Date "1999.??.??"]
[Round "1"]
[White "Severri Arrese, Carlos"]
[Black "Tejada Gomez, Joan Vicent"]
[Result "1-0"]
[WhiteElo "2140"]
[BlackElo "1910"]
[PlyCount "119"]
[EventDate "1999.??.??"]
[EventType "swiss"]
[EventRounds "9"]
[EventCountry "ESP"]
[SourceTitle "EXT 2000"]
[Source "ChessBase"]
[SourceDate "1999.11.16"]
[SourceVersion "1"]
[SourceVersionDate "1999.11.16"]
[SourceQuality "1"]

1. e4 c6 2. d4 d6 3. Nc3 a6 4. Nf3 Qc7 5. h3 Nd7 6. Bc4 e6 7. 0-0 Ne7 8. Bf4 Ng6 9. Bg3 Be7 10. Re1 b5 11. Bd3 Bf6 12. Bxd6 Qxd6 13. e5 Qb4 14. exf6 Nxf6 15. Ne4 Nxe4 16. Bxe4 Bb7 17. Ng5 Qe7 18. Qh5 Nf4 19. Qg4 h6 20. Nf3 Qf6 21. Ne5 Rc8 22. a4 Nd5 23. Ra3 Qg5 24. Qd1 0-0 25. Rg3 Qh4 26. c3 Nf6 27. Qf3 Ba8 28. Bxc6 Bxc6 29. Nxc6 Nd5 30. axb5 axb5 31. Ne5 h5 32. Re4 Qf6 33. Qxh5 Nf4 34. Qf3 Nd5 35. Qe2 Nf4 36. Qd2 Ng6 37. Nd7 Qf5 38. Nxf8 Qxe4 39. Nxg6 fxg6 40. Re3 Qf4 41. Qe1 b4 42. Rxe6 Kh7 43. Re4 Qg5 44. Qe3 Qf6 45. Qg3 Qa6 46. Qh4+ Kg8 47. Qe7 bxc3 48. bxc3 Kh7 49. Kh2 Qc4 50. d5 Qxd5 51. Rh4+ Kg8 52. Rd4 Qf5 53. Rd8+ Rxd8 54. Qxd8+ Kh7 55. Qh4+ Kg8 56. Qd4 Kf7 57. c4 Ke6 58. c5 Qf6 59. Qxf6+ gxf6 60. Kg3 1-0

[Event "Catalunya Club op"]
[Site "Spain"]
[Date "1999.??.??"]
[Round "?"]
[White "Valarezo Ricard, Pedro"]
[Black "Tejada Gomez, Joan Vicent"]
[Result "1/2-1/2"]
[WhiteElo "2035"]
[BlackElo "1910"]
[PlyCount "76"]
[EventDate "1999.??.??"]
[EventType "swiss"]
[EventRounds "9"]
[EventCountry "ESP"]
[SourceTitle "EXT 2000"]
[Source "ChessBase"]
[SourceDate "1999.11.16"]
[SourceVersion "1"]
[SourceVersionDate "1999.11.16"]
[SourceQuality "1"]

1. c4 e5 2. Nc3 Nc6 3. g3 d6 4. Bg2 Be6 5. d3 Qd7 6. Bd2 Nge7 7. e4 Ng6 8. Nd5 Nd8 9. h4 c6 10. Ne3 Be7 11. Ne2 b6 12. h5 Nf8 13. f3 h6 14. g4 Nh7 15. Nc3 Nb7 16. a3 Bg5 17. Qc2 Rc8 18. b4 0-0 19. Qb3 Qe7 20. Nf1 Bxd2+ 21. Kxd2 Qg5+ 22. Ke2 b5 23. Nd2 a5 24. Qd1 Nf6 25. cxb5 d5 26. bxc6 Rxc6 27. Na4 dxe4 28. Nxe4 Nxe4 29. fxe4 Bxg4+ 30. Bf3 Bxf3+ 31. Kxf3 Rfc8 32. Qb3 Qf4+ 33. Kg2 Rc2+ 34. Kh3 Kh7 35. Nc5 Re2 36. Ra2 Rxa2 37. Qxa2 Nxc5 38. bxc5 Rxc5 1/2-1/2